Co Możemy Zapalić - Statystyki

Ogólne statystyki
  • Ten quiz został rozwiązany 542 razy
    469 od ostatniego zresetowania
  • Średni wynik to 3 z 7
Statystyki odpowiedzi
Odpowiedź % Poprawnych
Papierosa
94%
Ognisko
50%
Światło
39%
Zapałkę
30%
Zapalniczkę
21%
Grilla
18%
Trawę
15%
Nie znaleziono quizów pasujących do podanych kryteriów
Rozkład punktacji
Procent ludzi z każdym wynikiem
Percentyl według liczby udzielonych odpowiedzi
Twoja historia wyników
Nie rozwiązałeś tego quizu od ostatniego zresetowania